[Event "Catalunya-chT Gp1 Relegation 2"]
[Site "Barcelona"]
[Date "2025.03.08"]
[Round "3.4"]
[White "Alfaro Rojas, Alfonso Jose"]
[Black "Juncosa Padros, Ernest"]
[Result "1/2-1/2"]
[WhiteElo "2338"]
[BlackElo "2109"]
[PlyCount "127"]
[EventDate "2025.02.22"]
[EventType "team-k.o."]
[EventRounds "4"]
[EventCountry "ESP"]
[SourceTitle "CB14_2025"]
[SourceDate "2024.11.01"]
[SourceVersion "1"]
[SourceVersionDate "2024.11.01"]
[SourceQuality "1"]
[WhiteTeam "Tres Peons"]
[BlackTeam "Peona I Peo"]
[WhiteTeamCountry "ESP"]
[BlackTeamCountry "ESP"]

1. Nf3 Nf6 2. g3 b6 3. Bg2 Bb7 4. 0-0 e6 5. c4 Be7 6. Nc3 0-0 7. Re1 c5 8. e4 d6 9. d4 cxd4 10. Nxd4 Qc8 11. Bf4 a6 12. Rc1 Rd8 13. b4 Bf8 14. Bh3 Nbd7 15. Bg5 Re8 16. Bg2 Ra7 17. Nb3 Ba8 18. Bf4 Rc7 19. Bf1 Ne5 20. Na4 Ned7 21. Bd3 Bc6 22. Nc3 Bb7 23. Na4 Bc6 24. Nb2 Bb7 25. f3 Rd8 26. Qe2 h6 27. Bb1 Qa8 28. Red1 Ne8 29. a4 e5 30. Be3 f5 31. Bf2 Nef6 32. Re1 a5 33. b5 Rdc8 34. Rcd1 g5 35. g4 fxg4 36. fxg4 Re8 37. Rd5 Re6 38. Nd1 Qe8 39. Ne3 Nxd5 40. exd5 Rf6 41. Nf5 e4 42. Bxe4 Ne5 43. Bd3 Re7 44. Nxe7+ Qxe7 45. Bf5 h5 46. h3 Qc7 47. Bg3 Qxc4 48. Bxe5 Qxe2 49. Rxe2 dxe5 50. Rxe5 hxg4 51. hxg4 Kg7 52. Be6 Kg6 53. Re3 Bd6 54. Bf5+ Kg7 55. Rd3 Rf8 56. Nd2 Bc5+ 57. Kg2 Re8 58. Ne4 Re5 59. Nxg5 Rxd5 60. Kf1 Rxd3 61. Bxd3 Bd5 62. Bc2 Kf6 63. Ne4+ Bxe4 64. Bxe4 1/2-1/2

[Event "Catalunya-chT Gp2 Final"]
[Site "Barcelona"]
[Date "2024.04.06"]
[Round "3.4"]
[White "Beltran Rueda, Santiago"]
[Black "Alfaro Rojas, Alfonso Jose"]
[Result "1/2-1/2"]
[WhiteElo "2280"]
[BlackElo "2317"]
[PlyCount "72"]
[EventDate "2024.03.09"]
[EventType "team-k.o."]
[EventRounds "4"]
[EventCountry "ESP"]
[SourceTitle "CBM 220 Extra"]
[Source "ChessBase"]
[SourceDate "2024.07.31"]
[SourceVersion "1"]
[SourceVersionDate "2024.07.31"]
[SourceQuality "1"]
[WhiteTeam "Foment Martinenc"]
[BlackTeam "Tres Peons"]
[WhiteTeamCountry "ESP"]
[BlackTeamCountry "ESP"]

1. c4 c6 2. e4 e5 3. Nf3 d6 4. d4 Nd7 5. Nc3 Ngf6 6. Be2 Be7 7. 0-0 0-0 8. Re1 Re8 9. Bf1 Bf8 10. Rb1 a5 11. b3 exd4 12. Nxd4 Nc5 13. f3 Qc7 14. Be3 Bd7 15. Qd2 Rad8 16. Rbc1 h6 17. Qf2 Re5 18. Bf4 Nh5 19. Bxe5 dxe5 20. Nc2 Nf4 21. Red1 Nfe6 22. Kh1 Be7 23. Rb1 h5 24. a3 Nd4 25. Nxd4 exd4 26. Rxd4 Ne6 27. Rdd1 Bxa3 28. Na4 b5 29. Nc3 Bd6 30. cxb5 Bxh2 31. bxc6 Bxc6 32. Rxd8+ Nxd8 33. Rd1 Ne6 34. Nd5 Bxd5 35. exd5 Bg3 36. d6 Bxd6 1/2-1/2

[Event "Titled Tuesday intern op 27th Feb Early"]
[Site "Chess.com INT"]
[Date "2024.02.27"]
[Round "1"]
[White "Alfaro Rojas, Alfonso Jose"]
[Black "Nugumanov, Bakhtiyar"]
[Result "1-0"]
[WhiteElo "2304"]
[BlackElo "2293"]
[PlyCount "37"]
[EventDate "2024.02.27"]
[EventType "swiss (blitz)"]
[EventRounds "11"]
[EventCountry "USA"]
[SourceTitle "EXT 2025"]
[Source "ChessBase"]
[SourceDate "2024.10.14"]
[SourceVersion "1"]
[SourceVersionDate "2024.10.14"]
[SourceQuality "1"]

1. Nf3 Nf6 2. g3 g6 3. Bg2 Bg7 4. 0-0 0-0 5. d3 d5 6. Nbd2 c5 7. Re1 Nc6 8. e4 e5 9. exd5 Nxd5 10. Nc4 Re8 11. Ng5 h6 12. Ne4 Bf8 13. c3 b5 14. Ned6 Bxd6 15. Bxd5 Bb7 16. Qb3 Rb8 17. Bxf7+ Kxf7 18. Nxe5+ Kg7 19. Qf7+ 1-0

[Event "Titled Tuesday intern op 27th Feb Early"]
[Site "Chess.com INT"]
[Date "2024.02.27"]
[Round "2"]
[White "Salem, AR Saleh"]
[Black "Alfaro Rojas, Alfonso Jose"]
[Result "1-0"]
[WhiteElo "2629"]
[BlackElo "2304"]
[PlyCount "71"]
[EventDate "2024.02.27"]
[EventType "swiss (blitz)"]
[EventRounds "11"]
[EventCountry "USA"]
[SourceTitle "EXT 2025"]
[Source "ChessBase"]
[SourceDate "2024.10.14"]
[SourceVersion "1"]
[SourceVersionDate "2024.10.14"]
[SourceQuality "1"]

1. d4 d5 2. Nf3 Nf6 3. Bf4 c5 4. e3 Nc6 5. Nbd2 cxd4 6. exd4 Bf5 7. c3 e6 8. Qb3 Qc8 9. Nh4 Bg4 10. Bd3 Be7 11. Nhf3 Bh5 12. 0-0 Bg6 13. Bxg6 hxg6 14. Rfe1 Qd7 15. a4 0-0 16. h4 Bd6 17. Bxd6 Qxd6 18. g3 b6 19. Kg2 Rfe8 20. Ne5 Nd7 21. Nxd7 Qxd7 22. Nf3 f6 23. Re2 Re7 24. Rh1 Na5 25. Qc2 Kf7 26. h5 gxh5 27. Rxh5 Ree8 28. Nh4 Rg8 29. Rh7 Nc4 30. Qg6+ Kf8 31. Qxf6+ gxf6 32. Rxd7 Re8 33. Rxa7 Rg7 34. Rxg7 Kxg7 35. Nf5+ Kf7 36. b3 1-0

[Event "San Jose op"]
[Site "San Jose"]
[Date "2013.07.20"]
[Round "7"]
[White "Alfaro Rojas, Alfonso Jose"]
[Black "Solano Cuya, Bryan"]
[Result "1-0"]
[WhiteElo "2349"]
[BlackElo "1993"]
[PlyCount "37"]
[EventDate "2013.06.29"]
[EventType "swiss"]
[EventRounds "9"]
[EventCountry "CRI"]
[SourceTitle "EXT 2014"]
[Source "ChessBase"]
[SourceDate "2013.11.20"]
[SourceVersion "1"]
[SourceVersionDate "2013.11.20"]
[SourceQuality "1"]

1. d4 d5 2. c4 e6 3. Nc3 f5 4. Nf3 Nf6 5. Bf4 c6 6. e3 Be7 7. Qc2 0-0 8. Bd3 Ne4 9. h3 Na6 10. a3 Bd7 11. Ne5 Nxc3 12. bxc3 Qc8 13. 0-0 Rd8 14. Qb3 Nc7 15. c5 b6 16. cxb6 axb6 17. Qxb6 Rb8 18. Nxc6 Bxc6 19. Qxc7 1-0

[Event "San Jose zt 2.3"]
[Site "San Jose"]
[Date "2013.06.05"]
[Round "8.6"]
[White "Chinchilla Miranda, Eugenio"]
[Black "Alfaro Rojas, Alfonso Jose"]
[Result "0-1"]
[WhiteElo "2199"]
[BlackElo "2246"]
[PlyCount "68"]
[EventDate "2013.06.02"]
[EventType "swiss"]
[EventRounds "9"]
[EventCountry "CRI"]
[SourceTitle "EXT 2024"]
[Source "ChessBase"]
[SourceDate "2023.10.10"]
[SourceVersion "1"]
[SourceVersionDate "2023.10.10"]
[SourceQuality "1"]

1. d4 d5 2. c4 c6 3. Nf3 Nf6 4. Nc3 e6 5. Bg5 h6 6. Bh4 Nbd7 7. cxd5 exd5 8. Qc2 Be7 9. e3 0-0 10. Bd3 Re8 11. 0-0 Ne4 12. Bxe7 Qxe7 13. Bxe4 dxe4 14. Nd2 Nf6 15. Rae1 b6 16. f3 exf3 17. Rxf3 c5 18. d5 Ng4 19. Rg3 Nxh2 20. e4 Ng4 21. Nf3 f6 22. Qd2 Qd6 23. Rh3 Ne5 24. Nb5 Qd7 25. Nxe5 Rxe5 26. a4 a6 27. Na3 Qxa4 28. Rh4 b5 29. Rc1 Qb4 30. Rc3 Rxe4 31. Rxe4 Qxe4 32. Rxc5 Bb7 33. d6 Rd8 34. Kf1 Qe6 0-1

[Event "San Jose zt 2.3"]
[Site "San Jose"]
[Date "2013.06.03"]
[Round "5.7"]
[White "Alfaro Rojas, Alfonso Jose"]
[Black "Gamboa Alvarado, Olga Leticia"]
[Result "1-0"]
[WhiteElo "2246"]
[BlackElo "1896"]
[PlyCount "115"]
[EventDate "2013.06.02"]
[EventType "swiss"]
[EventRounds "9"]
[EventCountry "CRI"]
[SourceTitle "EXT 2024"]
[Source "ChessBase"]
[SourceDate "2023.10.10"]
[SourceVersion "1"]
[SourceVersionDate "2023.10.10"]
[SourceQuality "1"]

1. d4 Nf6 2. c4 e6 3. Nc3 Bb4 4. Qc2 b6 5. a3 Bxc3+ 6. Qxc3 h6 7. Nf3 Bb7 8. e3 0-0 9. Be2 Na6 10. b4 c5 11. dxc5 bxc5 12. b5 Nc7 13. Bb2 d5 14. 0-0 Nce8 15. cxd5 Qxd5 16. Rfd1 Qh5 17. Rac1 Rc8 18. Qe5 Qxe5 19. Nxe5 Nc7 20. Rxc5 Ncd5 21. Rdc1 Rxc5 22. Rxc5 Ne4 23. Rc2 Nd6 24. a4 Rc8 25. Rxc8+ Nxc8 26. Nc4 Ndb6 27. a5 Nxc4 28. Bxc4 Kf8 29. Bd4 h5 30. Be2 g6 31. a6 Bd5 32. Bf3 Bc4 33. Bb7 Nd6 34. Bxa7 Nxb5 35. Bc5+ Kg7 36. a7 Nxa7 37. Bxa7 g5 38. Bd4+ f6 39. f4 gxf4 40. exf4 Bd3 41. Kf2 Kg6 42. Ke3 Bc4 43. Be4+ Kf7 44. Kf3 f5 45. Bc6 Bf1 46. Kg3 Kg6 47. Kh4 Kh6 48. Bf3 Bb5 49. Bxh5 Bc6 50. Bf3 Bd7 51. Bc5 Kg6 52. Bh5+ Kf6 53. Bd4+ Ke7 54. Be5 Bc6 55. Bf3 Be8 56. Kg5 Kf8 57. Kf6 Bd7 58. Bh5 1-0

[Event "Olympiad-40"]
[Site "Istanbul"]
[Date "2012.08.31"]
[Round "4.4"]
[White "Alfaro Rojas, Alfonso Jose"]
[Black "Glud, Jakob Vang"]
[Result "1/2-1/2"]
[WhiteElo "2239"]
[BlackElo "2498"]
[PlyCount "157"]
[EventDate "2012.08.28"]
[EventType "team-swiss"]
[EventRounds "11"]
[EventCountry "TUR"]
[SourceTitle "CBM 151"]
[Source "ChessBase"]
[SourceDate "2012.11.13"]
[SourceVersion "1"]
[SourceVersionDate "2012.11.13"]
[SourceQuality "1"]
[WhiteTeam "Costa Rica"]
[BlackTeam "Denmark"]
[WhiteTeamCountry "CRI"]
[BlackTeamCountry "DEN"]

1. d4 d5 2. c4 e6 3. Nc3 Be7 4. cxd5 exd5 5. Bf4 Nf6 6. e3 Bf5 7. Bd3 Bxd3 8. Qxd3 c6 9. h3 Nbd7 10. Nf3 0-0 11. 0-0 Re8 12. a3 Nb6 13. b4 a6 14. Nd2 Rc8 15. Rab1 Bd6 16. Bg5 h6 17. Bh4 Nbd7 18. e4 dxe4 19. Ndxe4 Be7 20. Bg3 Nxe4 21. Nxe4 Nf6 22. Rfe1 Nxe4 23. Rxe4 Bf6 24. Rxe8+ Qxe8 25. d5 cxd5 26. Qxd5 b5 27. Qb7 Qc6 28. Qa7 h5 29. Rf1 Ra8 30. Qe3 Re8 31. Qc1 Qxc1 32. Rxc1 Bb2 33. Rc6 Re1+ 34. Kh2 Re6 35. Rc8+ Kh7 36. Rc5 Kg6 37. Bc7 Bxa3 38. Ba5 Bb2 39. Kg3 Kh6 40. Rf5 Bf6 41. Rd5 Be7 42. Kf3 g6 43. g3 f5 44. h4 Kg7 45. Rd7 Kf6 46. Bd8 Bxd8 47. Rxd8 Ke5 48. Ke3 Rd6 49. Rc8 Re6 50. Rd8 Rc6 51. Rg8 f4+ 52. gxf4+ Kf5 53. Kf3 Rc3+ 54. Kg2 Rc4 55. Rf8+ Ke6 56. Rg8 Kf7 57. Ra8 Rxf4 58. Kg3 Rg4+ 59. Kh3 Rxb4 60. Rxa6 Rb1 61. Rb6 b4 62. Kg3 b3 63. Kg2 b2 64. Rb7+ Ke6 65. Rb6+ Kd5 66. Rb5+ Kd4 67. Rb8 Kd3 68. Rd8+ Ke4 69. Re8+ Kf5 70. Rb8 Re1 71. Rxb2 Re4 72. Rb5+ Kf4 73. Rg5 Re6 74. Kf1 Ra6 75. Kg2 Rb6 76. Kf1 Kf3 77. Rg3+ Ke4 78. Rg5 Kf3 79. Ke1 1/2-1/2

[Event "CRI-chT"]
[Site "San Jose"]
[Date "2012.07.26"]
[Round "5.4"]
[White "Alfaro Rojas, Alfonso Jose"]
[Black "Esquivel Vargas, Jose Edmond"]
[Result "1-0"]
[WhiteElo "2264"]
[BlackElo "2061"]
[PlyCount "85"]
[EventDate "2012.07.22"]
[EventType "team-tourn"]
[EventRounds "9"]
[EventCountry "CRI"]
[SourceTitle "EXT 2013"]
[Source "ChessBase"]
[SourceDate "2012.11.22"]
[SourceVersion "1"]
[SourceVersionDate "2012.11.22"]
[SourceQuality "1"]
[WhiteTeam "Colegio New Hope"]
[BlackTeam "Cartago Las Brumas"]
[WhiteTeamCountry "CRI"]
[BlackTeamCountry "CRI"]

1. d4 Nf6 2. c4 e6 3. Nc3 d5 4. cxd5 exd5 5. Bg5 Be7 6. Qc2 0-0 7. e3 h6 8. Bh4 Nbd7 9. Bd3 c6 10. Nge2 Re8 11. f3 c5 12. Bf2 c4 13. Bf5 Nf8 14. 0-0 Bxf5 15. Qxf5 Qd7 16. Qxd7 N8xd7 17. a4 Bb4 18. Nf4 Bxc3 19. bxc3 g5 20. Ne2 Re6 21. Ng3 Kh7 22. Nf5 Kg6 23. g4 h5 24. h3 Ne8 25. Rfb1 b6 26. a5 Nc7 27. Bg3 Ne8 28. Kf2 h4 29. Bh2 Ng7 30. Rb5 a6 31. Rxd5 Nf6 32. Nxg7 Nxd5 33. Nxe6 fxe6 34. e4 Nf4 35. Bxf4 gxf4 36. axb6 a5 37. Ke2 Rb8 38. Kd2 Rxb6 39. Kc2 e5 40. d5 Rb5 41. Rb1 Rc5 42. Rb6+ Kf7 43. Rc6 1-0

[Event "CRI-ch"]
[Site "San Jose"]
[Date "2011.10.20"]
[Round "3"]
[White "Alfaro Rojas, Alfonso Jose"]
[Black "Gonzalez Acosta, Bernal Manuel"]
[Result "0-1"]
[WhiteElo "2239"]
[BlackElo "2433"]
[PlyCount "160"]
[EventDate "2011.10.18"]
[EventType "tourn"]
[EventRounds "11"]
[EventCountry "CRI"]
[SourceTitle "EXT 2012"]
[Source "ChessBase"]
[SourceDate "2011.11.24"]
[SourceVersion "1"]
[SourceVersionDate "2011.11.24"]
[SourceQuality "1"]

1. d4 f5 2. c4 Nf6 3. Nc3 g6 4. g3 Bg7 5. Bg2 0-0 6. Nh3 Nc6 7. 0-0 d6 8. Rb1 e5 9. d5 Ne7 10. b4 h6 11. a4 g5 12. f3 f4 13. Nf2 Bf5 14. Rb3 h5 15. Nce4 Nxe4 16. fxe4 Bd7 17. Ra3 Ng6 18. gxf4 exf4 19. e3 f3 20. Bxf3 g4 21. Bh1 Qh4 22. Nd3 g3 23. Ra2 Bh3 24. Bg2 gxh2+ 25. Kh1 Bxg2+ 26. Rxg2 Rxf1+ 27. Qxf1 Qxe4 28. Nf2 Qf3 29. Qd1 Rf8 30. Qxf3 Rxf3 31. Kxh2 Ne5 32. Ne4 Nxc4 33. Ng5 Be5+ 34. Kg1 Rg3 35. Ne6 Rxg2+ 36. Kxg2 Nb6 37. Nxc7 Nxa4 38. Kf3 Kf7 39. e4 Ke7 40. Be3 Kd7 41. Nb5 a6 42. Na3 b5 43. Nc2 Nc3 44. Bd2 Na2 45. Ne1 Bc3 46. Bxc3 Nxc3 47. Nd3 h4 48. Kg4 Nxe4 49. Kxh4 Ke7 50. Kg4 Nf6+ 51. Kf5 Nxd5 52. Ke4 Nc3+ 53. Kd4 Na2 54. Kd5 Kd7 55. Ke4 Nc3+ 56. Kd4 Na4 57. Nc1 Nb6 58. Nd3 Nc8 59. Ke4 Ne7 60. Kd4 Ke6 61. Nf4+ Kf5 62. Nd3 Ke6 63. Nf4+ Kd7 64. Nd3 Kc6 65. Ke4 Kb6 66. Kd4 a5 67. bxa5+ Kxa5 68. Nf2 b4 69. Ne4 Nf5+ 70. Kd5 b3 71. Kc4 Ka4 72. Kc3 Ne3 73. Nxd6 Ka3 74. Ne4 b2 75. Nd2 Ka2 76. Kd4 Nf1 77. Ne4 Ka1 78. Nc3 Nd2 79. Kd3 Nb3 80. Kc2 Nd4+ 0-1

[Event "CRI-ch"]
[Site "San Jose"]
[Date "2011.10.19"]
[Round "2"]
[White "Arias Santana, Mauricio"]
[Black "Alfaro Rojas, Alfonso Jose"]
[Result "1/2-1/2"]
[WhiteElo "2327"]
[BlackElo "2239"]
[PlyCount "84"]
[EventDate "2011.10.18"]
[EventType "tourn"]
[EventRounds "11"]
[EventCountry "CRI"]
[SourceTitle "EXT 2012"]
[Source "ChessBase"]
[SourceDate "2011.11.24"]
[SourceVersion "1"]
[SourceVersionDate "2011.11.24"]
[SourceQuality "1"]

1. e4 c5 2. Nf3 e6 3. d4 cxd4 4. Nxd4 a6 5. Bd3 Bc5 6. Nb3 Ba7 7. Qe2 Nc6 8. Be3 Bxe3 9. Qxe3 Nge7 10. N1d2 Qc7 11. 0-0 e5 12. c4 d6 13. Rac1 0-0 14. Rfe1 Be6 15. Nb1 Na5 16. N3d2 Qc5 17. Qg3 Rac8 18. Nc3 Qb4 19. Rc2 Nxc4 20. a3 Qa5 21. Nxc4 Bxc4 22. Bxc4 Rxc4 23. Rd1 Nc6 24. h4 Nd4 25. Rcd2 f5 26. h5 Qd8 27. h6 Rf7 28. exf5 Qf6 29. Nd5 Qxh6 30. Qd3 Rc6 31. Ne3 Qf4 32. Qf1 g6 33. fxg6 hxg6 34. Qd3 Qg5 35. Kf1 Rh7 36. g3 Rh2 37. Qe4 Qh5 38. Rxd4 exd4 39. Qe8+ Kg7 40. Qe7+ Kg8 41. Qe8+ Kg7 42. Qe7+ Kg8 1/2-1/2

[Event "CRI-ch"]
[Site "San Jose"]
[Date "2011.10.18"]
[Round "1"]
[White "Castillo, Rommel"]
[Black "Alfaro Rojas, Alfonso Jose"]
[Result "0-1"]
[WhiteElo "2129"]
[BlackElo "2239"]
[PlyCount "70"]
[EventDate "2011.10.18"]
[EventType "tourn"]
[EventRounds "11"]
[EventCountry "CRI"]
[SourceTitle "EXT 2012"]
[Source "ChessBase"]
[SourceDate "2011.11.24"]
[SourceVersion "1"]
[SourceVersionDate "2011.11.24"]
[SourceQuality "1"]

1. c4 e6 2. Nc3 d5 3. g3 Nf6 4. Bg2 Be7 5. Nf3 0-0 6. d3 c5 7. 0-0 Nc6 8. b3 Rb8 9. Bf4 Bd6 10. Bg5 Be7 11. Rc1 d4 12. Na4 Nd7 13. Bd2 e5 14. Ne1 Re8 15. f4 exf4 16. Bxf4 Bg5 17. Qd2 h6 18. h4 Bxf4 19. Qxf4 Nce5 20. Nf3 Ng6 21. Qd2 Qc7 22. Kh2 Nf6 23. Qe1 Ne7 24. Nd2 Nf5 25. Ne4 Ng4+ 26. Kg1 Nfe3 27. Rf4 b6 28. Bf3 Ne5 29. h5 Nxf3+ 30. Rxf3 Bg4 31. Rf4 f5 32. Nd2 Bxh5 33. Rh4 Bxe2 34. Nb2 Ng4 35. Kg2 Re3 0-1

[Event "CRI-ch Phase2 72nd"]
[Site "San Jose"]
[Date "2008.09.03"]
[Round "8"]
[White "Valdes Romero, Leonardo"]
[Black "Alfaro Rojas, Alfonso Jose"]
[Result "1-0"]
[WhiteElo "2408"]
[BlackElo "2181"]
[PlyCount "59"]
[EventDate "2008.08.23"]
[EventType "tourn"]
[EventRounds "9"]
[EventCountry "CRI"]
[SourceTitle "CBM 126 Extra"]
[Source "ChessBase"]
[SourceDate "2008.11.05"]
[SourceVersion "1"]
[SourceVersionDate "2008.11.05"]
[SourceQuality "1"]

1. Nf3 d5 2. c4 e6 3. g3 Nf6 4. d4 Be7 5. Bg2 0-0 6. 0-0 dxc4 7. Qc2 a6 8. Qxc4 b5 9. Qc2 Bb7 10. Bf4 Nc6 11. Rd1 Rc8 12. a3 Na5 13. Nc3 Nd5 14. Ne5 f6 15. Nd3 Nxc3 16. Bxb7 Nxd1 17. Bxc8 Qxc8 18. Rxd1 Nc4 19. a4 c6 20. b3 Na5 21. Bd2 Nb7 22. Rc1 Ba3 23. Ra1 Be7 24. axb5 cxb5 25. Qxc8 Rxc8 26. Rxa6 Rc2 27. Ra7 Rxd2 28. Rxb7 Kf8 29. Kf1 b4 30. Ke1 1-0

[Event "CRI-ch Phase2 72nd"]
[Site "San Jose"]
[Date "2008.09.02"]
[Round "7"]
[White "Alfaro Rojas, Alfonso Jose"]
[Black "Murillo Tsijli, Alexis"]
[Result "1/2-1/2"]
[WhiteElo "2181"]
[BlackElo "2319"]
[PlyCount "81"]
[EventDate "2008.08.23"]
[EventType "tourn"]
[EventRounds "9"]
[EventCountry "CRI"]
[SourceTitle "CBM 126 Extra"]
[Source "ChessBase"]
[SourceDate "2008.11.05"]
[SourceVersion "1"]
[SourceVersionDate "2008.11.05"]
[SourceQuality "1"]

1. e4 e6 2. d4 d5 3. Nc3 Bb4 4. e5 c5 5. a3 Bxc3+ 6. bxc3 Ne7 7. h4 Bd7 8. h5 h6 9. Qg4 Qc7 10. Qxg7 Rg8 11. Qxh6 cxd4 12. Ne2 Nbc6 13. Qd2 dxc3 14. Qxc3 0-0-0 15. h6 d4 16. Qc5 Be8 17. h7 Rh8 18. f4 Rd5 19. Qc4 Qb6 20. Rh3 Rc5 21. Qa2 Nd5 22. Rb1 Qc7 23. Bd2 Ne3 24. c3 Nxf1 25. Kxf1 d3 26. Ng3 Na5 27. Ne4 Nc4 28. Rg3 Rxh7 29. Rb4 b5 30. Rg8 Rh1+ 31. Kf2 Qb6 32. Rxc4 Rxc4+ 33. Be3 Rf1+ 34. Kxf1 Qxe3 35. Nd6+ Kd7 36. Nxc4 bxc4 37. Qxc4 d2 38. Qb5+ Kc7 39. Qa5+ Kb7 40. Qb4+ Ka6 41. Qd6+ 1/2-1/2

[Event "CRI-ch Phase2 72nd"]
[Site "San Jose"]
[Date "2008.08.25"]
[Round "3"]
[White "Alfaro Rojas, Alfonso Jose"]
[Black "Machado Ramirez, Allan"]
[Result "1-0"]
[WhiteElo "2181"]
[BlackElo "2068"]
[PlyCount "61"]
[EventDate "2008.08.23"]
[EventType "tourn"]
[EventRounds "9"]
[EventCountry "CRI"]
[SourceTitle "CBM 126 Extra"]
[Source "ChessBase"]
[SourceDate "2008.11.05"]
[SourceVersion "1"]
[SourceVersionDate "2008.11.05"]
[SourceQuality "1"]

1. d4 Nf6 2. c4 d6 3. Nc3 g6 4. e4 Bg7 5. Nf3 0-0 6. Be2 e5 7. 0-0 Nc6 8. d5 Ne7 9. b4 Nh5 10. Re1 Nf4 11. Bxf4 exf4 12. Rc1 f5 13. exf5 Nxf5 14. Nb5 a6 15. Nbd4 Qf6 16. Nxf5 Bxf5 17. Bd3 Bd7 18. c5 g5 19. cxd6 g4 20. Ne5 Qxd6 21. Nxd7 Qxd7 22. Re6 Kh8 23. Qxg4 Rae8 24. Qh5 Bd4 25. Bxh7 Qxh7 26. Rh6 Re7 27. Rxh7+ Rxh7 28. Qd1 Be5 29. Qf3 b6 30. Re1 Bd6 31. a3 1-0